Three men named Matthews : memories of the golden age of South African distance running and its aftermath (Record no. 278959)

MARC details
000 -LEADER
fixed length control field 00345nam a2200097Ia 4500
082 ## - DEWEY DECIMAL CLASSIFICATION NUMBER
Classification number R 746.443 ALFO
008 - FIXED-LENGTH DATA ELEMENTS--GENERAL INFORMATION
fixed length control field 210817s9999 xx 000 0 und d
100 ## - MAIN ENTRY--PERSONAL NAME
Personal name Mayer, Richard Johannesburg, 2009
9 (RLIN) 79808
245 #0 - TITLE STATEMENT
Title Three men named Matthews : memories of the golden age of South African distance running and its aftermath
942 ## - ADDED ENTRY ELEMENTS
item type Books
Holdings
Withdrawn status Lost status Damaged status Not for loan Home library Current library Date acquired Cost, normal purchase price Total Checkouts Barcode Date last seen Price effective from item type
        Matsulu Matsulu 19.08.2021 80.00   33228010126686 19.08.2021 19.08.2021 Books